000 00721nam a2200241Ia 4500
003 OSt
005 20220924121413.0
006 a|||||r|||| 00| 0
007 ta
008 220923b |||||||| |||| 00| 0 tel d
024 _a339056
037 _cTextual
040 _aARTS
_cARTS
_btel
041 _2tel
_atel
082 _aV241:1x, 35K9.7,1
100 _aLakshmi narasimha shashtri Vidwan Rendu Chintala Au.
_9185693
245 0 _aRajatharangini
260 _aHyderabad
_bRajyalakshmi Publishers India
_c1969
300 _a72p.
_ccm.
650 _aHISTORY
942 _hV241:1x, 35K9.7,1
_cTEXL
_2CC
999 _c407317
_d407317